MARC

LEADER 00000nam0a2200000 4500
001 74582
005 20231031085504.0
035 |a (RuTPU)RU\TPU\book\79547 
090 |a 74582 
100 |a 20050309d1961 km y0rusy50 ca 
101 0 |a rus 
102 |a RU 
105 |a a z 001zy 
200 1 |a Неразрушающие испытания методом вихревых токов  |f А. Л. Дорофеев 
210 |a Москва  |c Оборонгиз  |d 1961 
215 |a 157 с.  |c ил. 
320 |a Библиогр.: с. 152-155. 
610 1 |a машиностроение 
610 1 |a технический контроль 
610 1 |a электромагнитный контроль 
610 1 |a токи вихревые 
610 1 |a применение 
675 |a 620.15  |v 3 
675 |a 621.7М.01  |v 3 
700 1 |a Дорофеев  |b А. Л. 
801 1 |a RU  |b 63413507  |c 20050309  |g PSBO 
801 2 |a RU  |b 63413507  |c 20221117  |g PSBO 
942 |c BK